Environmental assessment. (Record no. 60480)

MARC details
000 -LEADER
fixed length control field 00800cam a2200205 4500
001 - CONTROL NUMBER
control field ABS60830
008 - FIXED-LENGTH DATA ELEMENTS--GENERAL INFORMATION
fixed length control field 000000n1999 000 0 eng u
035 ## - SYSTEM CONTROL NUMBER
System control number (Sirsi) u101332
100 ## - MAIN ENTRY--PERSONAL NAME
Personal name Payne, S.
245 ## - TITLE STATEMENT
Title Environmental assessment.
260 ## - PUBLICATION, DISTRIBUTION, ETC.
Date of publication, distribution, etc. 1999
490 ## - SERIES STATEMENT
Series statement Solicitors' Journal
Volume/sequential designation 143(24) 18 June 1999, 582-583(2)
520 ## - SUMMARY, ETC.
Summary, etc. A discussion of the significance of the case "R v North Yorkshire County Council, ex parte Brown", which related to an environmental assessment of mineral extraction, an analysis of the Town and Country Planning (Assessment of Environmental Effects) Regulations 1999.
650 ## - SUBJECT ADDED ENTRY--TOPICAL TERM
Topical term or geographic name entry element ENVIRONMENTAL ASSESSMENT
650 ## - SUBJECT ADDED ENTRY--TOPICAL TERM
Topical term or geographic name entry element NORTH YORKSHIRE
650 ## - SUBJECT ADDED ENTRY--TOPICAL TERM
Topical term or geographic name entry element MINERAL EXTRACTION
650 ## - SUBJECT ADDED ENTRY--TOPICAL TERM
Topical term or geographic name entry element DEVELOPMENT
690 ## - LOCAL SUBJECT ADDED ENTRY--TOPICAL TERM (OCLC, RLIN)
Topical term or geographic name as entry element PLANNING LAW AND PRACTICE
942 ## - ADDED ENTRY ELEMENTS (KOHA)
Suppress in OPAC 0
Holdings
Withdrawn status Lost status Source of classification or shelving scheme Damaged status Not for loan Home library Current library Shelving location Date acquired Total Checkouts Full call number Barcode Date last seen Copy number Price effective from Koha item type
    Dewey Decimal Classification     London London Journal article 03/11/1999   ABS60830 101332-1001 06/08/2019 1 06/08/2019 Journal article